| 000 -CABECERA |
| Campo de control de longitud fija |
01718nam a22003737a 4500 |
| 003 - IDENTIFICADOR DEL NÚMERO DE CONTROL |
| Campo de control |
OSt |
| 005 - FECHA Y HORA DE LA ÚLTIMA TRANSACCIÓN |
| Campo de control |
20260325124454.0 |
| 008 - CÓDIGOS DE INFORMACIÓN DE LONGITUD FIJA |
| Campo de control de longitud fija |
260325t2018 xxu||||| |||| 00| 0 eng d |
| 020 ## - NÚMERO INTERNACIONAL NORMALIZADO PARA LIBROS (ISBN) |
| Número Internacional Normalizado para Libros (ISBN) |
9780198767817 |
| 020 ## - NÚMERO INTERNACIONAL NORMALIZADO PARA LIBROS (ISBN) |
| Número Internacional Normalizado para Libros (ISBN) |
9780191080425 |
| 040 ## - FUENTE DE LA CATALOGACIÓN |
| Centro catalogador de origen |
Unicoc |
| Lengua de catalogación |
spa |
| Centro que cataloga |
Bogotá (Dr. David Ordóñez Rueda) - Campus Norte |
| Centro modificador |
Bogotá (Dr. David Ordóñez Rueda) - Campus Norte |
| 082 ## - NÚMERO DE LA CLASIFICACIÓN DECIMAL DEWEY |
| Número de clasificación |
617.52 |
| 245 ## - MENCIÓN DE TÍTULO |
| Título |
Oxford handbook of oral and maxillofacial surgery |
| Mención de responsabilidad etc. |
/ Luke Cascarini, Clare Schilling, Ben Gurney, Peter Brennan |
| 250 ## - MENCIÓN DE EDICIÓN |
| Mención de edición |
2 Ed. |
| 260 ## - PUBLICATION, DISTRIBUTION, ETC. (IMPRINT) |
| Lugar de publicación distribución etc. |
EEUU : |
| Nombre del editor distribuidor etc. |
Oxford University Press : |
| Fecha de publicación distribución etc. |
2018 |
| 300 ## - DESCRIPCIÓN FÍSICA |
| Extensión |
280 páginas |
| 440 ## - MENCIÓN DE SERIE |
| 9 (RLIN) |
12780 |
| Título |
Oxford Medical Publications |
| 500 ## - NOTA GENERAL |
| Nota general |
Incluye índice |
| 505 ## - NOTA DE CONTENIDO CON FORMATO |
| Título |
1. Overview. -- |
| -- |
2. Basic knowledge. -- |
| -- |
3. Radiology. -- |
| -- |
4. In the emergency department. -- |
| -- |
5. In the clinic. -- |
| -- |
6. In the theatre. -- |
| -- |
7. On the ward. -- |
| -- |
8. Essential skills. -- |
| -- |
9. Oral medicine. -- |
| -- |
10. Emergencies. -- |
| -- |
11. Commonly used drugs and dental materials. -- |
| -- |
12. People with whom you will be working. -- |
| -- |
13. Eponyms and maxillofacial syndromes. |
| 526 ## - NOTA DE INFORMACIÓN SOBRE EL PROGRAMA DE ESTUDIO |
| Institución que aplica el campo |
Unicoc |
| 546 ## - NOTA DE LENGUA |
| Nota de lengua |
Ingles |
| 650 #0 - PUNTO DE ACCESO ADICIONAL DE MATERIA - TÉRMINO DE MATERIA |
| 9 (RLIN) |
4197 |
| Término de materia o nombre geográfico como elemento inicial |
Cirugía maxilofacial |
| 650 #0 - PUNTO DE ACCESO ADICIONAL DE MATERIA - TÉRMINO DE MATERIA |
| 9 (RLIN) |
85 |
| Término de materia o nombre geográfico como elemento inicial |
Cirugía oral |
| 650 #0 - PUNTO DE ACCESO ADICIONAL DE MATERIA - TÉRMINO DE MATERIA |
| 9 (RLIN) |
86 |
| Término de materia o nombre geográfico como elemento inicial |
Cirugía bucal |
| 650 #0 - PUNTO DE ACCESO ADICIONAL DE MATERIA - TÉRMINO DE MATERIA |
| 9 (RLIN) |
995 |
| Término de materia o nombre geográfico como elemento inicial |
Medicina oral. |
| 658 #0 - TÉRMINO DE INDIZACIÓN - OBJETIVO CURRICULAR |
| 9 (RLIN) |
8074 |
| Programa Académico |
Especialización en Rehabilitación Oral |
| 658 #0 - TÉRMINO DE INDIZACIÓN - OBJETIVO CURRICULAR |
| 9 (RLIN) |
8071 |
| Programa Académico |
Especialización en Endodoncia |
| 658 #0 - TÉRMINO DE INDIZACIÓN - OBJETIVO CURRICULAR |
| 9 (RLIN) |
11722 |
| Programa Académico |
Especialización en Ortodoncia y Ortopedia Maxilar |
| 700 ## - PUNTO DE ACCESO ADICIONAL - NOMBRE DE PERSONA |
| 9 (RLIN) |
12778 |
| Nombre de persona |
Schilling, Clare |
| 700 ## - PUNTO DE ACCESO ADICIONAL - NOMBRE DE PERSONA |
| 9 (RLIN) |
12779 |
| Nombre de persona |
Gurney, Ben |
| 700 ## - PUNTO DE ACCESO ADICIONAL - NOMBRE DE PERSONA |
| 9 (RLIN) |
12628 |
| Nombre de persona |
Brennan, Peter A. |
| 856 ## - LOCALIZACIÓN Y ACCESO ELECTRÓNICOS |
| Identificador Uniforme del Recurso (URI) |
https://unicoceduco-my.sharepoint.com/:b:/g/personal/direccionbiblioteca_unicoc_edu_co/IQBARMUKGOk2TIGLxDCmbJhxAanyWC5hAZmoJ05_I4CH6tQ |
| Texto del enlace |
Acceso online exclusivo para comunidad Unicoc. |
| 942 ## - ENTRADA PARA ELEMENTOS AGREGADOS (KOHA) |
| Fuente de clasificación o esquema de ordenación en estanterías |
|
| Koha [por defecto] tipo de item |
Libro electrónico |